000 00497nam a2200193Ia 4500
005 20250508163225.0
008 008 250505s9999 xx 000 0 eng d
037 _aTextual
040 _aFEDL
_beng
_cFEDL
041 _aeng
_2eng
084 _a425, HIL
_qFEDL
100 _aHill L A
245 0 _aGuide to correct english
250 _a2
260 _aLondon, UK
_bOxford University Press
_c1975
300 _ax,406p
942 _cTEXL
_h425, HIL
999 _c1381614
_d1381614